000 00723nam a2200253Ia 4500
005 20251020182547.0
008 200515s9999 xx 000 0 und d
020 _a978-3-8365-3070-5
082 _a747:749.9/J63
100 _aJodidio, Philip
245 0 _aZaha Hadid : 1950. La explosión que reforma el espacio
250 _a[2a ed.]
260 _aColonia
260 _bTASCHEN
260 _c2012
300 _a96 p.
300 _bil., col., graf., map.
500 _a1 ejemplar
520 _aZaha Hadid, ganadora del premio Pritzker, su característica más sorprendente es su compleja y dinámica llinealidad curvilinea.
650 _aARQUITECTOS
650 _aHADID
942 _cLIB
999 _c2588
_d2588